000 00583nam a2200193Ia 4500
001 21679
003 GE_BSU
008 181216s||||||||xx |||||||||||||| ||und||
040 _cGE_BSU
245 _aГеоморфология. №4. Октябрь-Декабрь 2017.
245 _cГл.ред.Чичагов В.П.
260 _aМосква
260 _c2017
300 _a95 стр. 24см. илл.
653 _aГеоморфология. №4. Октябрь-Декабрь 2017.
653 _aПериодика
653 _aპერიოდიკა
942 _cCR
999 _c54612
_d54612